书目信息 |
| 题名: |
电力机车电器
|
|
| 作者: | 张效融 , 吴国祥 主编 | |
| 分册: | ||
| 出版信息: | 北京 中国铁道出版社 2013 |
|
| 页数: | 193页 | |
| 开本: | 26cm | |
| 丛书名: | ||
| 单 册: | ||
| 中图分类: | U264.3 , U264 | |
| 科图分类: | ||
| 主题词: | 电力机车--牵引电器--高等学校--教材 , 电力机车 , 牵引电器 | |
| 电子资源: | ||
| ISBN: | 978-7-113-15792-0 | |
| 000 | 00960nam0 2200277 450 | |
| 001 | 2347508463 | |
| 005 | 20231130131203.81 | |
| 010 | @a978-7-113-15792-0@dCNY28.00 | |
| 100 | @a20130701d2013 em y0chiy0120 ea | |
| 101 | 0 | @achi |
| 102 | @aCN@b110000 | |
| 105 | @aa z 000yy | |
| 200 | 1 | @a电力机车电器@9dian li ji che dian qi@b专著@f张效融,吴国祥主编 |
| 210 | @a北京@c中国铁道出版社@d2013 | |
| 215 | @a193页@c图@d26cm | |
| 300 | @a高等学校教材 | |
| 330 | @a本书结合国产电力机车现状,对国产韶山(SS)系列及和谐(HXD)系列电力机车所用的电器结构原理进行介绍,内容涉及电器基本知识、受电弓、牵引变压器和电抗器、高压电器、低压电器、辅助机组等。 | |
| 606 | 0 | @a电力机车@x牵引电器@x高等学校@j教材 |
| 606 | 0 | @a电力机车 |
| 606 | 0 | @a牵引电器 |
| 690 | @aU264.3@v5 | |
| 690 | @aU264@v4 | |
| 701 | 0 | @a张效融@9zhang xiao rong@c(高等教育)@4主编 |
| 701 | 0 | @a吴国祥@9wu guo xiang@f(1974 )@4主编 |
| 801 | 2 | @aCN@b58marc.cn@c20150101 |
| 905 | @aBZT@dU264@e4 | |
| 电力机车电器/张效融,吴国祥主编.-北京:中国铁道出版社,2013 |
| 193页:图;26cm |
| 高等学校教材 |
| ISBN 978-7-113-15792-0:CNY28.00 |
| 本书结合国产电力机车现状,对国产韶山(SS)系列及和谐(HXD)系列电力机车所用的电器结构原理进行介绍,内容涉及电器基本知识、受电弓、牵引变压器和电抗器、高压电器、低压电器、辅助机组等。 |
| ● |
| 相关链接 |
|
|
|
正题名:电力机车电器
索取号:U264/4
 
预约/预借
| 序号 | 登录号 | 条形码 | 馆藏地/架位号 | 状态 | 备注 |
| 1 | 2001240037 | 2001240037 | 中教(第二批第二书库)/山东中教(第二批)/2530/ [索取号:U264/4] | 在馆 | |
| 2 | 2001240038 | 2001240038 | 中教(第二批第二书库)/山东中教(第二批)/2530/ [索取号:U264/4] | 在馆 | |
| 3 | 2001240039 | 2001240039 | 中教(第二批第二书库)/山东中教(第二批)/2530/ [索取号:U264/4] | 在馆 | |
| 4 | 2001240040 | 2001240040 | 中教(第二批第二书库)/山东中教(第二批)/2530/ [索取号:U264/4] | 在馆 | |
| 5 | 2001240041 | 2001240041 | 中教(第二批第二书库)/山东中教(第二批)/2530/ [索取号:U264/4] | 在馆 | |
| 6 | 2001240042 | 2001240042 | 中教(第二批第二书库)/山东中教(第二批)/2530/ [索取号:U264/4] | 在馆 | |
| 7 | 2001240043 | 2001240043 | 中教(第二批第二书库)/山东中教(第二批)/2530/ [索取号:U264/4] | 在馆 | |
| 8 | 2001240044 | 2001240044 | 中教(第二批第二书库)/山东中教(第二批)/2530/ [索取号:U264/4] | 在馆 | |
| 9 | 2001240045 | 2001240045 | 中教(第二批第二书库)/山东中教(第二批)/2530/ [索取号:U264/4] | 在馆 | |
| 10 | 2001240046 | 2001240046 | 中教(第二批第二书库)/山东中教(第二批)/2530/ [索取号:U264/4] | 在馆 | |
| 11 | 2001240047 | 2001240047 | 中教(第二批第二书库)/山东中教(第二批)/2530/ [索取号:U264/4] | 在馆 | |
| 12 | 2001240048 | 2001240048 | 中教(第二批第二书库)/山东中教(第二批)/2530/ [索取号:U264/4] | 在馆 | |
| 13 | 2001240049 | 2001240049 | 中教(第二批第二书库)/山东中教(第二批)/2530/ [索取号:U264/4] | 在馆 | |
| 14 | 2001240050 | 2001240050 | 中教(第二批第二书库)/山东中教(第二批)/2530/ [索取号:U264/4] | 在馆 | |
| 15 | 2001240051 | 2001240051 | 中教(第二批第二书库)/山东中教(第二批)/2530/ [索取号:U264/4] | 在馆 | |
| 16 | 2001240052 | 2001240052 | 中教(第二批第二书库)/山东中教(第二批)/2530/ [索取号:U264/4] | 在馆 | |
| 17 | 2001240053 | 2001240053 | 中教(第二批第二书库)/山东中教(第二批)/2530/ [索取号:U264/4] | 在馆 | |
| 18 | 2001240054 | 2001240054 | 中教(第二批第二书库)/山东中教(第二批)/2530/ [索取号:U264/4] | 在馆 | |
| 19 | 2001240055 | 2001240055 | 中教(第二批第二书库)/山东中教(第二批)/2530/ [索取号:U264/4] | 在馆 | |
| 20 | 2001240056 | 2001240056 | 中教(第二批第二书库)/山东中教(第二批)/2530/ [索取号:U264/4] | 在馆 | |
| 21 | 2001240057 | 2001240057 | 中教(第二批第二书库)/山东中教(第二批)/2530/ [索取号:U264/4] | 在馆 | |
| 22 | 2001240058 | 2001240058 | 中教(第二批第二书库)/山东中教(第二批)/2530/ [索取号:U264/4] | 在馆 | |
| 23 | 2001240059 | 2001240059 | 中教(第二批第二书库)/山东中教(第二批)/2530/ [索取号:U264/4] | 在馆 | |
| 24 | 2001240060 | 2001240060 | 中教(第二批第二书库)/山东中教(第二批)/2530/ [索取号:U264/4] | 在馆 | |
| 25 | 2001240061 | 2001240061 | 中教(第二批第二书库)/山东中教(第二批)/2530/ [索取号:U264/4] | 在馆 | |
| 26 | 2001240062 | 2001240062 | 中教(第二批第二书库)/山东中教(第二批)/2530/ [索取号:U264/4] | 在馆 | |
| 27 | 2001240063 | 2001240063 | 中教(第二批第二书库)/山东中教(第二批)/2530/ [索取号:U264/4] | 在馆 | |
| 28 | 2001240064 | 2001240064 | 中教(第二批第二书库)/山东中教(第二批)/2530/ [索取号:U264/4] | 在馆 | |
| 29 | 2001240065 | 2001240065 | 中教(第二批第二书库)/山东中教(第二批)/2530/ [索取号:U264/4] | 在馆 | |
| 30 | 2001240066 | 2001240066 | 中教(第二批第二书库)/山东中教(第二批)/2530/ [索取号:U264/4] | 在馆 |